000
00334nam a2200145Ia 4500
008
230718s9999 xx 000 0 und d
041
_a
Eng.
082
_a
296.84
_b
FAR-M
100
_a
Fardumic , Mull Sir
245
0
_a
Mahomedan Law
260
_a
Pakistan
_b
Manzor book house
_c
2003
300
_a
632
650
_a
Law
999
_c
27805
_d
27805